Indo-Pak Relations (Record no. 15074)

MARC details
000 -LEADER
fixed length control field 00496nam a22001817a 4500
003 - CONTROL NUMBER IDENTIFIER
control field PK-NaQUE
005 - DATE AND TIME OF LATEST TRANSACTION
control field 20260120115055.0
008 - FIXED-LENGTH DATA ELEMENTS--GENERAL INFORMATION
fixed length control field 260120b ||||| |||| 00| 0 eng d
040 ## - CATALOGING SOURCE
Transcribing agency QUEST
082 ## - DEWEY DECIMAL CLASSIFICATION NUMBER
Classification number 954.7MAH
100 ## - MAIN ENTRY--PERSONAL NAME
Personal name Rahhdi, Mahtab Akbar
245 ## - TITLE STATEMENT
Title Indo-Pak Relations
260 ## - PUBLICATION, DISTRIBUTION, ETC. (IMPRINT)
Place of publication, distribution, etc Jamhoro:
Name of publisher, distributor, etc Pakistan Study Centre,
Date of publication, distribution, etc 1988.
300 ## - PHYSICAL DESCRIPTION
Extent 140
650 ## - SUBJECT ADDED ENTRY--TOPICAL TERM
Topical term or geographic name as entry element India-Pakistan-Relations
856 ## - ELECTRONIC LOCATION AND ACCESS
Uniform Resource Identifier <a href="http://10.10.170.122:8080/browse/book/29218">http://10.10.170.122:8080/browse/book/29218</a>
Link text Download eBook
942 ## - ADDED ENTRY ELEMENTS (KOHA)
Koha item type Books
Source of classification or shelving scheme Dewey Decimal Classification
Holdings
Withdrawn status Lost status Damaged status Not for loan Home library Current library Date acquired Total Checkouts Full call number Barcode Date last seen Koha item type Collection code
        Reference Section Reference Section 05/01/2016   954.7MAH(Shelf - 98B) 14032 05/01/2016 Books  
        Reference Section Reference Section 05/01/2016   954.7MAH (Shelf -98D) 14033 05/01/2016 Books Reference